00322nam a2200121Ia 4500008004100000041000800041082001400049100001800063245004500081260003200126300003100158365001100189240624s9999 xx 000 0 und d aeng a158.7 PES aPESTONJEE D M aSTRESS AND WORK PERSPECTIVES ON UNDERSTA c2013aNew DelhibSage India axix, : 370 : p. : cm. ; 24 cRSb40